000
00213 a2200097 4500
001
49628
100
_a
Boswel
245
_a
Boswel & Johnson
260
_a
New York
_b
E P Dutton & Company
_c
090
_c
32144
_d
32144
942
_a
NUST-CAE
_c
M
_c
24608
999
_c
284701
_d
284701